Central Library OPAC University of Rajshahi

History of Europe in the nineteenth century / (Record no. 24521)

MARC details
000 -LEADER
fixed length control field 00980cam a22002771 4500
001 - CONTROL NUMBER
control field 24521
003 - CONTROL NUMBER IDENTIFIER
rucl marc code BD-RjUL
005 - DATE AND TIME OF LATEST TRANSACTION
control field 20211209001049.0
008 - FIXED-LENGTH DATA ELEMENTS--GENERAL INFORMATION
fixed length control field 140313s19531934nyu 001 0 eng
035 ## - SYSTEM CONTROL NUMBER
System control number (BD-RjUL)24588
040 ## - CATALOGING SOURCE
Original cataloging agency DLC
Transcribing agency DLC
Modifying agency DLC
Language of cataloging eng
041 1# - LANGUAGE CODE
Language code of text/sound track or separate title engita
082 00 - DEWEY DECIMAL CLASSIFICATION NUMBER
Classification number 940.27
Author mark and year CRH 1953
100 1# - MAIN ENTRY--PERSONAL NAME
Personal name Croce, Benedetto,
Dates associated with a name 1866-1952.
9 (RLIN) 11219
245 00 - TITLE STATEMENT
Title History of Europe in the nineteenth century /
Statement of responsibility, etc. translated from the Italian by Henry Furst.
250 ## - EDITION STATEMENT
Edition statement 3rd. impre.
260 ## - PUBLICATION, DISTRIBUTION, ETC. (IMPRINT)
Place of publication, distribution, etc. London :
Name of publisher, distributor, etc. george allen & unwin ltd.,
Date of publication, distribution, etc. 1934 [impressiom 1953]
300 ## - PHYSICAL DESCRIPTION
Pagination 375 p. ;
Size 22 cm.
500 ## - GENERAL NOTE
General note "The present translation has been made from the third Italian edition (Bari, Laterza, 1932)"--Translator's pref.
650 #0 - SUBJECT ADDED ENTRY--TOPICAL TERM
Topical term or geographic name as entry element Civilization, Modern
Chronological subdivision 19th century.
9 (RLIN) 75482
651 #0 - SUBJECT ADDED ENTRY--GEOGRAPHIC NAME
Geographic name Europe
General subdivision History
Chronological subdivision 1789-1900.
9 (RLIN) 69784
700 1# - ADDED ENTRY--PERSONAL NAME
Personal name Furst, Henry,
Relator term tr.
942 ## - ADDED ENTRY ELEMENTS (KOHA)
Source of classification or shelving scheme Dewey Decimal Classification
Koha item type Books
Holdings
Lost status Source of classification or shelving scheme Damaged status Not for loan Collection code Permanent Location Current Location Shelving location Date acquired Source of acquisition Cost, normal purchase price Total Checkouts Full call number Date last seen Copy number Koha item type
  Dewey Decimal Classification   Added to bundle Fiction Central Library, University of Rajshahi Central Library, University of Rajshahi Reading Room 13/09/1955 B. H. Bluckwell 18.00   940.27 CRH 1953 13/03/2014 C-1 Books
  Dewey Decimal Classification       Central Library, University of Rajshahi Central Library, University of Rajshahi   30/11/1974 Nawroge 30.00   940.27 CRH 1965 18/03/2014 C-3 Books
  Dewey Decimal Classification     Non-fiction Central Library, University of Rajshahi Central Library, University of Rajshahi   05/10/1956 Allies books co. 14.10   940.27 CRH 1953 20/11/2016 C-2 Books